[Event "ICS rated blitz match"]
[Site "204.178.125.65"]
[Date "2000.05.16"]
[Round "?"]
[White "Hossa"]
[Black "QueenMaxima"]
[Result "1-0"]
[WhiteElo "2460"]
[BlackElo "2536"]
[PlyCount "159"]
[EventDate "2000.??.??"]

1. e4 c5 2. Nf3 d6 3. d4 cxd4 4. Nxd4 Nf6 5. Nc3 g6 6. Be2 Bg7 7. Be3 Nc6 8.
O-O O-O 9. Qd2 Ng4 10. Nxc6 bxc6 11. Bxg4 Bxg4 12. Rab1 Qc7 13. h3 Be6 14. Bh6
Qa5 15. Bxg7 Kxg7 16. Qe3 Rab8 17. a4 Qb6 18. Qd2 h5 19. Rfd1 Qc5 20. Rdc1 Bc4
21. Re1 a5 22. Red1 Ba6 23. Qf4 Rb4 24. Qc1 Rfb8 25. Re1 d5 26. exd5 cxd5 27.
Qg5 e6 28. Qe5+ Kh7 29. Nb5 Rb7 30. Nd6 Re7 31. c3 Rxa4 32. b3 Ra2 33. Ne4 Qa7
34. Ra1 Rxa1 35. Nf6+ Kh6 36. Rxa1 Rb7 37. h4 Rxb3 38. Nxd5 Rb8 39. Qg5+ Kg7
40. Qf6+ Kh6 41. Nf4 Kh7 42. Rxa5 Rb1+ 43. Kh2 Rb6 44. Nxh5 Qb8+ 45. Kh3 Qf8
46. Qe5 Rc6 47. Kg3 f5 48. Nf6+ Kh6 49. Ra1 Qc8 50. Kh2 Rc4 51. g3 Bb7 52. Rc1
Qc5 53. Qxc5 Rxc5 54. f4 Kg7 55. Nd7 Rd5 56. Ne5 Rd2+ 57. Kg1 Rg2+ 58. Kf1 Rxg3
59. Kf2 Rh3 60. Rg1 Bd5 61. c4 Bxc4 62. Nxc4 Rxh4 63. Ke3 Rh3+ 64. Kd4 Rh4 65.
Ke5 Kf7 66. Nd6+ Kg7 67. Rf1 Rxf4 68. Rxf4 g5 69. Nxf5+ exf5 70. Rxf5 Kg6 71.
Rf6+ Kh5 72. Kf5 Kh4 73. Rf8 g4 74. Kf4 Kh5 75. Rg8 g3 76. Rxg3 Kh6 77. Kf5 Kh7
78. Kf6 Kh8 79. Kf7 Kh7 80. Rh3# 1-0

[Event "ICS rated blitz match"]
[Site "204.178.125.65"]
[Date "2000.05.16"]
[Round "?"]
[White "Tika"]
[Black "Hossa"]
[Result "1/2-1/2"]
[WhiteElo "2155"]
[BlackElo "2479"]
[PlyCount "75"]
[EventDate "2000.??.??"]

1. e4 d5 2. exd5 Qxd5 3. Nc3 Qe5+ 4. Be2 Qg5 5. Bf3 Qe5+ 6. Nge2 Nf6 7. d4 Qa5
8. O-O Nc6 9. d5 Ne5 10. Nf4 Nxf3+ 11. Qxf3 Bg4 12. Qg3 O-O-O 13. Be3 Bf5 14.
Rac1 Ne4 15. Nxe4 Bxe4 16. c4 Qa4 17. Rc3 h5 18. Ra3 Qc2 19. Rxa7 h4 20. Qg5
Qxb2 21. Qg4+ Kb8 22. Ne6 fxe6 23. Qxe4 b6 24. Ra4 exd5 25. cxd5 Rd6 26. Rb1
Qe2 27. Qd4 h3 28. Bf4 Kb7 29. Bxd6 exd6 30. Qc3 Kc8 31. Ra7 c5 32. dxc6 Qe4
33. Ra8+ Kc7 34. Ra7+ Kc8 35. Ra8+ Kc7 36. Ra7+ Kc8 37. Ra8+ Kc7 38. Ra7+
1/2-1/2

[Event "ICS rated blitz match"]
[Site "204.178.125.65"]
[Date "2000.05.16"]
[Round "?"]
[White "Hossa"]
[Black "vadux"]
[Result "1-0"]
[WhiteElo "2467"]
[BlackElo "2138"]
[PlyCount "101"]
[EventDate "2000.??.??"]

1. e4 e6 2. d4 d5 3. Nc3 Nf6 4. Bg5 Bb4 5. e5 h6 6. Bd2 Bxc3 7. bxc3 Ne4 8. Nf3
c5 9. Bd3 Nxd2 10. Qxd2 O-O 11. O-O Qa5 12. Qe3 c4 13. Be2 Qa3 14. Nd2 Bd7 15.
Bh5 Ba4 16. Rfb1 b6 17. Rc1 Nc6 18. Bg4 Qe7 19. Nf3 b5 20. Qe2 a5 21. a3 Rfb8
22. Rd1 b4 23. axb4 axb4 24. cxb4 Nxb4 25. Ne1 Nc6 26. Nf3 Rb2 27. Rdc1 Qb7 28.
Kh1 Bb5 29. Qd2 Raa2 30. Rxa2 Rxa2 31. Rb1 Qa6 32. Kg1 Ba4 33. Ne1 Qa5 34. Qxa5
Nxa5 35. Rb8+ Kh7 36. c3 Nb3 37. f4 g6 38. Rb7 Kg8 39. Nf3 Nd2 40. Nxd2 Rxd2
41. Rb8+ Kg7 42. Rb7 Kf8 43. Ra7 Be8 44. Bf3 Rc2 45. Ra3 Kg7 46. g4 f6 47. f5
gxf5 48. gxf5 fxe5 49. dxe5 exf5 50. Bxd5 Bf7 51. Ra7 {vadux resigns} 1-0

[Event "ICS rated blitz match"]
[Site "204.178.125.65"]
[Date "2000.05.16"]
[Round "?"]
[White "Hossa"]
[Black "Tika"]
[Result "0-1"]
[WhiteElo "2471"]
[BlackElo "2167"]
[PlyCount "101"]
[EventDate "2000.??.??"]

1. e4 c5 2. Nf3 Nc6 3. d4 cxd4 4. Nxd4 g6 5. Nc3 Bg7 6. Be3 d6 7. Bb5 Bd7 8.
O-O Nf6 9. Qd2 O-O 10. f3 Nxd4 11. Bxd4 Bxb5 12. Nxb5 a6 13. Nc3 b5 14. Rf2 Rc8
15. Re1 b4 16. Nd5 Nxd5 17. Bxg7 Kxg7 18. exd5 Rc4 19. Re4 Rxe4 20. fxe4 Qb6
21. c3 Rb8 22. b3 Qc5 23. c4 a5 24. Qf4 f6 25. Qd2 a4 26. bxa4 Qxc4 27. Qb2 Qc5
28. g4 g5 29. Kg2 Ra8 30. Qb3 Qd4 31. Re2 Rc8 32. Qb1 Rc3 33. Rb2 Rd3 34. Re2
Rd1 35. Qc2 Qg1+ 36. Kh3 Rc1 37. Qxc1 Qxc1 38. Kg2 Qd1 39. Kf2 Qxa4 40. Rd2 b3
41. axb3 Qxe4 42. Re2 Qf4+ 43. Ke1 Kf7 44. Rg2 Qe4+ 45. Kf2 Qxd5 46. Rg3 Qd2+
47. Kg1 d5 48. Rh3 Qd1+ 49. Kf2 Qxg4 50. Rxh7+ Ke6 51. Rh8 {Hossa resigns} 0-1

[Event "ICS Rated blitz match"]
[Site "204.178.125.65"]
[Date "2000.05.16"]
[Round "?"]
[White "Tika"]
[Black "Hossa"]
[Result "0-1"]
[WhiteElo "2192"]
[BlackElo "2444"]
[PlyCount "54"]
[EventDate "2000.??.??"]

1. e4 d5 2. exd5 Qxd5 3. Nf3 Nf6 4. Nc3 Qa5 5. Be2 Nc6 6. O-O Bd7 7. d3 e6 8.
a3 O-O-O 9. Bd2 Qc5 10. b4 Qd6 11. Nb5 Qe7 12. c4 e5 13. Nc3 Bf5 14. Bg5 h6 15.
Nd5 Qd6 16. Bxf6 gxf6 17. Nd2 Nd4 18. Bg4 Bxg4 19. Qxg4+ f5 20. Qh4 c6 21. Ne3
f4 22. c5 Qe6 23. Nec4 f3 24. Nxf3 Nxf3+ 25. gxf3 Rg8+ 26. Kh1 Rd4 27. Qh5 Rg5
{Tika resigns} 0-1

[Event "ICS rated blitz match"]
[Site "204.178.125.65"]
[Date "2000.05.16"]
[Round "?"]
[White "Hossa"]
[Black "Tika"]
[Result "1-0"]
[WhiteElo "2450"]
[BlackElo "2186"]
[PlyCount "31"]
[EventDate "2000.??.??"]

1. e4 c5 2. Nf3 Nc6 3. d4 cxd4 4. Nxd4 g6 5. Nc3 Bg7 6. Be3 d6 7. Bb5 Bd7 8.
O-O Nf6 9. Qd2 O-O 10. f3 Nxd4 11. Bxd4 a6 12. Bxd7 Nxd7 13. Bxg7 Kxg7 14. Nd5
Rc8 15. Rad1 Nb6 16. Qd4+ {Tika resigns} 1-0

[Event "ICS rated blitz match"]
[Site "204.178.125.65"]
[Date "2000.05.16"]
[Round "?"]
[White "Tika"]
[Black "Hossa"]
[Result "0-1"]
[WhiteElo "2180"]
[BlackElo "2456"]
[PlyCount "34"]
[EventDate "2000.??.??"]

1. e4 d5 2. exd5 Qxd5 3. Nc3 Qe5+ 4. Be2 Qg5 5. Nf3 Qxg2 6. Rg1 Qh3 7. d4 Nf6
8. Bf4 Qd7 9. Qd2 Qd8 10. O-O-O c6 11. Bc4 b5 12. Bb3 Nd5 13. Bxd5 cxd5 14.
Nxb5 Na6 15. Ne5 f6 16. Nc6 Qb6 17. Qe2 e6 {Tika resigns} 0-1

[Event "ICS rated blitz match"]
[Site "204.178.125.65"]
[Date "2000.05.16"]
[Round "?"]
[White "cyrmar"]
[Black "Hossa"]
[Result "1-0"]
[WhiteElo "2078"]
[BlackElo "2461"]
[PlyCount "63"]
[EventDate "2000.??.??"]

1. c4 Nf6 2. Nc3 g6 3. g3 Nc6 4. Bg2 e5 5. e4 d6 6. Nge2 Bh6 7. O-O O-O 8. Rb1
Bg4 9. h3 Bxe2 10. Nxe2 Qe7 11. b4 a6 12. a4 b6 13. d3 Bxc1 14. Qxc1 a5 15. b5
Nb4 16. Qd2 Nd7 17. f4 Nc5 18. f5 Nbxd3 19. f6 Qd8 20. Rf3 Nb4 21. Qh6 Ne6 22.
h4 Nc2 23. Bh3 Qd7 24. Rbf1 Ncd4 25. Nxd4 exd4 26. Rf5 c5 27. Rh5 gxh5 28. Bf5
Rfe8 29. Bxh7+ Kh8 30. Bg6+ Kg8 31. Qh7+ Kf8 32. Qh8# {Hossa checkmated} 1-0

[Event "ICS rated blitz match"]
[Site "204.178.125.65"]
[Date "2000.05.16"]
[Round "?"]
[White "Hossa"]
[Black "RedBear"]
[Result "1-0"]
[WhiteElo "2458"]
[BlackElo "2518"]
[PlyCount "181"]
[EventDate "2000.??.??"]

1. e4 c6 2. d4 d5 3. Nc3 dxe4 4. Nxe4 Bf5 5. Ng3 Bg6 6. h4 h6 7. Nf3 Nd7 8. h5
Bh7 9. Bd3 Bxd3 10. Qxd3 Qc7 11. Rh4 e6 12. Bf4 Bd6 13. Bxd6 Qxd6 14. Ne4 Qe7
15. Qa3 Qxa3 16. bxa3 Ke7 17. Rb1 b6 18. Ne5 Nxe5 19. dxe5 f5 20. Nd2 Rd8 21.
Ra4 Rd7 22. Rd1 b5 23. Ra6 Kf7 24. Nf3 Rxd1+ 25. Kxd1 Ne7 26. Rxa7 Rd8+ 27. Kc1
Rd5 28. a4 Rc5 29. a5 Rc4 30. g3 Ra4 31. Kb2 Kf8 32. Ra8+ Kf7 33. a3 Nd5 34.
Ra7+ Kf8 35. Nh4 Ne7 36. f4 Ke8 37. Ng6 Nd5 38. Kb3 c5 39. Ra8+ Kd7 40. Ra6 Nc7
41. Rd6+ Ke8 42. Rc6 c4+ 43. Kb2 Kd7 44. Rxc7+ Kxc7 45. Nf8 Kc6 46. Nxe6 Rxa5
47. Nxg7 Kd5 48. Nxf5 Ra6 49. Nd6 Kc5 50. Nf7 b4 51. axb4+ Kxb4 52. c3+ Kc5 53.
g4 Rb6+ 54. Kc2 Ra6 55. f5 Ra2+ 56. Kd1 Ra3 57. Kd2 Ra2+ 58. Ke3 Ra3 59. Nxh6
Rxc3+ 60. Ke4 Rc1 61. f6 Re1+ 62. Kf5 c3 63. f7 Rf1+ 64. Kg6 Rxf7 65. Nxf7 c2
66. h6 c1=Q 67. g5 Kd5 68. Kg7 Qf4 69. h7 Ke6 70. g6 Kf5 71. h8=Q Kg4 72. Qc8+
Kg3 73. Qc3+ Kh2 74. e6 Qe4 75. Qc7+ Kg2 76. Ne5 Qf5 77. e7 Qe6 78. Qc5 Kh1 79.
Qc1+ Kg2 80. Qg5+ Kh1 81. Kf8 Qb3 82. Qh4+ Kg2 83. g7 Qb8+ 84. e8=Q Qxe8+ 85.
Kxe8 Kg1 86. g8=Q+ Kf1 87. Qe1+ Kxe1 88. Qg2 Kd1 89. Qf2 Kc1 90. Nc4 Kb1 91.
Qb2# {RedBear checkmated} 1-0

[Event "ICS rated standard match"]
[Site "204.178.125.65"]
[Date "2000.05.16"]
[Round "?"]
[White "Hossa"]
[Black "GreenGiant"]
[Result "1-0"]
[WhiteElo "2298"]
[BlackElo "2203"]
[PlyCount "37"]
[EventDate "2000.??.??"]

1. e4 e5 2. Nf3 Nc6 3. Nc3 Nf6 4. Nxe5 Nxe5 5. d4 Nc6 6. d5 Ne5 7. f4 Ng6 8. e5
Ng8 9. d6 c6 10. g3 h5 11. h4 b6 12. Qe2 Nh6 13. Qe4 Ng4 14. Nb5 cxb5 15. Qxa8
a6 16. Bh3 Nxh4 17. gxh4 Qxh4+ 18. Kd1 Kd8 19. Qb8 {GreenGiant resigns} 1-0

[Event "ICS rated blitz match"]
[Site "204.178.125.65"]
[Date "2000.05.16"]
[Round "?"]
[White "Hossa"]
[Black "cmslim"]
[Result "0-1"]
[WhiteElo "2477"]
[BlackElo "2479"]
[PlyCount "122"]
[EventDate "2000.??.??"]

1. e4 e5 2. Nf3 Nc6 3. Nc3 Nf6 4. Nxe5 Nxe5 5. d4 Nc6 6. d5 Ne5 7. f4 Ng6 8. e5
Ng8 9. d6 cxd6 10. exd6 Qh4+ 11. g3 Qf6 12. Nb5 Kd8 13. Be3 b6 14. Nxa7 Qxb2
15. Rb1 Qc3+ 16. Kf2 Rb8 17. Rxb6 Qxe3+ 18. Kxe3 Rxb6 19. Qd5 Bxd6 20. Qd4 Bc7
21. Nxc8 Kxc8 22. Qxg7 Re6+ 23. Kd2 f6 24. Qf7 Nh6 25. Qg7 Nf5 26. Qf7 Nd6 27.
Qg7 Ne4+ 28. Kc1 Bd6 29. Ba6+ Kc7 30. f5 Ba3+ 31. Kd1 Bf8 32. Qf7 Nf2+ 33. Kd2
Bh6+ 34. Kc3 Rc6+ 35. Kb2 Rb8+ 36. Ka1 Bd2 37. a4 Ne5 38. Qd5 Rxa6 39. Qc5+ Nc6
40. Qc4 Nxh1 41. Qxa6 Bc3+ 42. Ka2 Nb4+ 43. Kb3 Nxa6+ 44. Kxc3 Rb4 45. a5 Ra4
46. Kd2 Rxa5 47. g4 Nf2 48. h3 Ra2 49. Kc3 Nxh3 50. Kb3 Nf2 51. Kxa2 Nxg4 52.
c4 h5 53. Kb3 h4 54. Kc3 h3 55. Kd4 h2 56. Kc3 h1=Q 57. Kb2 Qh2+ 58. Kc3 Nc5
59. Kb4 Qb2+ 60. Kxc5 d6+ 61. Kd5 Qe5# {Hossa checkmated} 0-1

[Event "ICS rated blitz match"]
[Site "204.178.125.65"]
[Date "2000.05.16"]
[Round "?"]
[White "flytox"]
[Black "Hossa"]
[Result "0-1"]
[WhiteElo "2076"]
[BlackElo "2463"]
[PlyCount "94"]
[EventDate "2000.??.??"]

1. e4 d5 2. exd5 Qxd5 3. Nc3 Qe5+ 4. Be2 Qg5 5. g3 Nf6 6. Nf3 Qa5 7. d4 Nc6 8.
Be3 Nb4 9. a3 Nbd5 10. Qd2 Nxc3 11. Qxc3 Qxc3+ 12. bxc3 Ne4 13. Bd2 Bg4 14. Ne5
Bxe2 15. Kxe2 e6 16. f3 Nd6 17. a4 O-O-O 18. Rab1 Be7 19. Rb3 f6 20. Nd3 Nc4
21. Rhb1 b6 22. Be1 e5 23. dxe5 fxe5 24. Nf2 a5 25. Ne4 Rd5 26. Rd1 Rxd1 27.
Kxd1 Ne3+ 28. Kc1 Rd8 29. Bd2 Nc4 30. Bg5 Bxg5+ 31. Nxg5 Rd2 32. h4 Rg2 33. Kd1
Rxg3 34. Nxh7 Rxf3 35. Ke2 Rh3 36. Rb1 Rxh4 37. Ng5 Na3 38. Rg1 Rxa4 39. Ne6
Rc4 40. Rxg7 Rxc3 41. Rg5 Kd7 42. Nf8+ Kd6 43. Ng6 Rxc2+ 44. Kd1 Rc5 45. Kd2
Nc4+ 46. Kd3 e4+ 47. Ke2 Rxg5 {flytox resigns} 0-1

[Event "ICS rated blitz match"]
[Site "204.178.125.65"]
[Date "2000.05.16"]
[Round "?"]
[White "Hossa"]
[Black "cmslim"]
[Result "0-1"]
[WhiteElo "2466"]
[BlackElo "2524"]
[PlyCount "120"]
[EventDate "2000.??.??"]

1. e4 e5 2. Nf3 Nc6 3. Nc3 Nf6 4. Nxe5 Nxe5 5. d4 Nc6 6. d5 Na5 7. e5 Ng8 8. d6
cxd6 9. exd6 Qf6 10. Qe2+ Qe6 11. Nb5 Qxe2+ 12. Bxe2 Kd8 13. O-O Nc6 14. Bf4 f6
15. Rfe1 Rb8 16. Bh5 g6 17. Be2 Bh6 18. Bg3 Bd2 19. Red1 Ba5 20. Bf4 h5 21. Bd3
a6 22. Na3 g5 23. Be3 b5 24. Be2 Ne5 25. Ba7 Rb7 26. Bc5 b4 27. Nc4 Nxc4 28.
Bxc4 Bb6 29. Bd4 Bxd4 30. Rxd4 Rb6 31. Bd3 Nh6 32. Bg6 Ng4 33. Re1 Ne5 34. Bf5
Nf7 35. Red1 a5 36. b3 Bb7 37. f3 Rb5 38. Bd3 Rc5 39. f4 Rf8 40. Bg6 gxf4 41.
Rxf4 Ne5 42. Bxh5 Rh8 43. Be2 Rxc2 44. Re1 Re8 45. Bf1 Nf3+ 46. Rxf3 Rxe1 47.
Rg3 Ke8 48. h4 Rcc1 49. Kh2 Rxf1 50. Re3+ Kf7 51. Re7+ Kg6 52. Rxd7 Rh1+ 53.
Kg3 Rc3+ 54. Kf2 Rc2+ 55. Ke3 Bxg2 56. Kd3 Rc3+ 57. Ke2 Bf3+ 58. Kf2 Rh2+ 59.
Kg3 Rg2+ 60. Kh3 Be4# {Hossa checkmated} 0-1

[Event "ICS rated blitz match"]
[Site "204.178.125.65"]
[Date "2000.05.16"]
[Round "?"]
[White "Tika"]
[Black "Hossa"]
[Result "0-1"]
[WhiteElo "2158"]
[BlackElo "2453"]
[PlyCount "84"]
[EventDate "2000.??.??"]

1. e4 d5 2. exd5 Qxd5 3. Nc3 Qe5+ 4. Be2 Qg5 5. Nf3 Qxg2 6. Rg1 Qh3 7. d4 Nf6
8. Bf4 Qd7 9. Qd2 Qd8 10. O-O-O c6 11. Bc4 b5 12. Bb3 Nd5 13. Bxd5 cxd5 14.
Nxb5 Na6 15. Rde1 e6 16. a3 f6 17. h4 g6 18. Qc3 Qb6 19. Nc7+ Nxc7 20. Bxc7 Qb7
21. h5 Bh6+ 22. Kd1 Bd7 23. Bd6 Rc8 24. Qb4 Qc6 25. Bc5 gxh5 26. Rh1 e5 27.
Rxh5 Bg4 28. Rxh6 Bxf3+ 29. Kc1 Be4 30. f3 Bg6 31. Rg1 Kf7 32. Qa5 exd4 33. b4
a6 34. Rh4 d3 35. c3 Rc7 36. Kd2 Re8 37. Re1 Rxe1 38. Kxe1 Qe6+ 39. Re4 Rxc5
40. bxc5 dxe4 41. Qc7+ Qe7 42. Qb6 exf3+ {Tika resigns} 0-1

[Event "ICS rated standard match"]
[Site "204.178.125.65"]
[Date "2000.05.16"]
[Round "?"]
[White "middie"]
[Black "Hossa"]
[Result "0-1"]
[WhiteElo "2000"]
[BlackElo "2310"]
[PlyCount "36"]
[EventDate "2000.??.??"]

1. c4 Nf6 2. g3 c6 3. Nf3 d5 4. b3 d4 5. Bb2 c5 6. Bg2 Nc6 7. e3 e5 8. exd4
cxd4 9. d3 Bb4+ 10. Nbd2 Bf5 11. a3 Bc3 12. Bxc3 dxc3 13. Ne4 Nxe4 14. dxe4
Bxe4 15. Qe2 Bd3 16. Qe3 e4 17. Nh4 Nd4 18. Bxe4 Nc2+ {middie resigns} 0-1

[Event "ICS rated standard match"]
[Site "204.178.125.65"]
[Date "2000.05.17"]
[Round "?"]
[White "Hossa"]
[Black "Skorpios"]
[Result "1-0"]
[WhiteElo "2315"]
[BlackElo "2311"]
[PlyCount "73"]
[EventDate "2000.??.??"]

1. e4 c6 2. d4 d5 3. Nc3 dxe4 4. Nxe4 Nd7 5. Ng5 Ngf6 6. Bd3 e6 7. N1f3 Bd6 8.
Qe2 h6 9. Ne4 Nxe4 10. Qxe4 Qc7 11. Qg4 Kf8 12. Qh4 c5 13. Bg5 Kg8 14. Bd8 Qc6
15. a4 cxd4 16. Nxd4 Qd5 17. O-O g5 18. Qe4 Nc5 19. Qxd5 exd5 20. Bf6 Nxd3 21.
Bxh8 Kxh8 22. cxd3 Be5 23. Nb5 Bxb2 24. Rab1 Bg7 25. Nc7 Rb8 26. Nxd5 Be6 27.
Nc7 Bf5 28. Rfd1 b6 29. Nb5 a6 30. Nc7 Bc8 31. Re1 Bd7 32. a5 b5 33. Re7 Bf5
34. Nxa6 Rd8 35. Rxb5 Bxd3 36. Rb8 Rxb8 37. Nxb8 {Skorpios resigns} 1-0

[Event "ICS rated blitz match"]
[Site "204.178.125.65"]
[Date "2000.05.17"]
[Round "?"]
[White "Gejza"]
[Black "Hossa"]
[Result "0-1"]
[WhiteElo "2355"]
[BlackElo "2463"]
[PlyCount "48"]
[EventDate "2000.??.??"]

1. d4 Nf6 2. c4 e6 3. g3 c5 4. Nf3 cxd4 5. Nxd4 Qc7 6. Qd3 e5 7. Nb5 Qc6 8. f3
d5 9. e3 Be6 10. N1c3 dxc4 11. Qe2 a6 12. Na3 Bxa3 13. bxa3 Nbd7 14. e4 Nc5 15.
Qc2 Rd8 16. Bg5 Nd3+ 17. Bxd3 Rxd3 18. O-O Bh3 19. Rf2 Qc5 20. Kh1 Rxc3 21.
Qxc3 Qxf2 22. Qxe5+ Kd7 23. Rd1+ Kc8 24. Qf4 Bg2# {Gejza checkmated} 0-1

[Event "ICS rated blitz match"]
[Site "204.178.125.65"]
[Date "2000.05.17"]
[Round "?"]
[White "Hossa"]
[Black "Beadle"]
[Result "0-1"]
[WhiteElo "2474"]
[BlackElo "2643"]
[PlyCount "92"]
[EventDate "2000.??.??"]

1. d4 d5 2. c4 c6 3. cxd5 cxd5 4. Nf3 Nf6 5. Nc3 Nc6 6. Bf4 e6 7. e3 Bd6 8.
Bxd6 Qxd6 9. a3 e5 10. dxe5 Nxe5 11. Nxe5 Qxe5 12. Bb5+ Kf8 13. Be2 Bf5 14. O-O
b6 15. Qb3 h5 16. Rfd1 Bg4 17. Rdc1 Kg8 18. Bd3 Be6 19. Qc2 Ng4 20. h3 Qh2+ 21.
Kf1 Nf6 22. Ne2 Qh1+ 23. Ng1 h4 24. Qc6 Re8 25. Qc7 Rh5 26. Bb5 Rf8 27. Qxa7
Rg5 28. Ke2 Rxg2 29. Bd3 Nh5 30. Kd2 Rxf2+ 31. Ne2 Qf3 32. Qxb6 Ng3 33. Re1
Bxh3 34. Qd4 Bf1 35. Qxh4 Ne4+ 36. Kc2 Qxe3 37. Bxe4 Rxe2+ 38. Rxe2 Qxe2+ 39.
Kc3 dxe4 40. b4 Rc8+ 41. Kd4 Qd3+ 42. Ke5 Re8+ 43. Kf5 Qf3+ 44. Qf4 g6+ 45. Kg5
Qh5+ 46. Kf6 Re6# {Hossa checkmated} 0-1

[Event "ICS rated blitz match"]
[Site "204.178.125.65"]
[Date "2000.05.17"]
[Round "?"]
[White "QueenMaxima"]
[Black "Hossa"]
[Result "1/2-1/2"]
[WhiteElo "2486"]
[BlackElo "2465"]
[PlyCount "87"]
[EventDate "2000.??.??"]

1. d4 Nf6 2. c4 e6 3. Nf3 b6 4. Nc3 Bb7 5. a3 d5 6. cxd5 Nxd5 7. Qc2 Nxc3 8.
bxc3 Bd6 9. e4 Nc6 10. Bd3 e5 11. Bb5 a6 12. Bxc6+ Bxc6 13. dxe5 Bc5 14. Nd4
Bb5 15. Nxb5 axb5 16. Qe2 b4 17. cxb4 Bxb4+ 18. Kf1 Bc3 19. Ra2 O-O 20. f4 Qd7
21. Rc2 Bd4 22. h4 Rfd8 23. Rh3 c5 24. Bb2 Bxb2 25. Rxb2 Ra6 26. Rhb3 Ra4 27.
Rxb6 Rxa3 28. Rb7 Ra1+ 29. Rb1 Qd4 30. Rxa1 Qxa1+ 31. Kf2 Qh1 32. Kg3 Qc1 33.
Rc7 h5 34. Rc6 Ra8 35. Qf2 c4 36. e6 Ra3+ 37. Kh2 fxe6 38. Rxe6 Ra1 39. Qf3
Qh1+ 40. Kg3 Qe1+ 41. Kh3 Qh1+ 42. Kg3 Qe1+ 43. Kh3 Qh1+ 44. Kg3 1/2-1/2

[Event "ICS Rated standard match"]
[Site "204.178.125.65"]
[Date "2000.05.17"]
[Round "?"]
[White "expert101"]
[Black "Hossa"]
[Result "0-1"]
[WhiteElo "2155"]
[BlackElo "2331"]
[PlyCount "96"]
[EventDate "2000.??.??"]

1. d4 d5 2. c4 e6 3. Nc3 Nf6 4. Nf3 Be7 5. Bg5 h6 6. Bxf6 Bxf6 7. e3 Nc6 8. Be2
dxc4 9. Bxc4 Bd7 10. O-O O-O 11. Bd3 e5 12. d5 Nb4 13. Bb1 Qe7 14. a3 Na6 15.
Ne4 Bg4 16. Qc2 g6 17. Nxf6+ Qxf6 18. Nd2 Qe7 19. b4 Rad8 20. e4 c6 21. Ba2
cxd5 22. exd5 Nc7 23. Qe4 Bf5 24. Qe3 Nxd5 25. Qxh6 Nf6 26. h3 Rfe8 27. Nf3 Qf8
28. Qxf8+ Kxf8 29. Rac1 Bd3 30. Rfe1 e4 31. Ng5 Rd7 32. Rc5 Kg7 33. Bb3 b6 34.
Rcc1 Re5 35. h4 Re8 36. Ba4 b5 37. Bb3 Rh8 38. g3 Rf8 39. Rc5 Ra8 40. Rec1 a5
41. Rc7 axb4 42. Rxd7 Nxd7 43. Rc7 Rxa3 44. Bxf7 Ra1+ 45. Kg2 Ne5 46. Bd5+ Kf6
47. Nh7+ Kf5 48. Bb7 Bf1+ {expert101 resigns} 0-1

[Event "ICS rated blitz match"]
[Site "204.178.125.65"]
[Date "2000.05.17"]
[Round "?"]
[White "SquareBox"]
[Black "Hossa"]
[Result "0-1"]
[WhiteElo "2265"]
[BlackElo "2466"]
[PlyCount "78"]
[EventDate "2000.??.??"]

1. c4 Nf6 2. Nc3 e5 3. e4 Bc5 4. g3 Nc6 5. h3 d6 6. Bg2 O-O 7. Nge2 Be6 8. d3
Nd4 9. O-O Qc8 10. Kh2 Nxe2 11. Nxe2 Qd8 12. f4 Qe7 13. f5 Bd7 14. g4 h6 15.
Ng3 Bd4 16. Rb1 Qe8 17. h4 Ba4 18. b3 Bc6 19. g5 hxg5 20. hxg5 Nh7 21. Qh5 Qd8
22. Bh3 b5 23. f6 Bd7 24. fxg7 Kxg7 25. Qh6+ Kh8 26. Nf5 Rg8 27. Nxd4 Rg6 28.
Qh4 Bxh3 29. Rxf7 Qg8 30. Rxc7 Bf1 31. Nxb5 Bxd3 32. Rb2 a6 33. Nc3 Rf8 34. Rg2
Bf1 35. Rc2 Rf3 36. Nd5 Rh3+ 37. Qxh3 Bxh3 38. Kxh3 Nxg5+ 39. Kh2 Nf3+ {
SquareBox resigns} 0-1

[Event "ICS rated blitz match"]
[Site "204.178.125.65"]
[Date "2000.05.17"]
[Round "?"]
[White "MissSilicon"]
[Black "Hossa"]
[Result "1-0"]
[WhiteElo "2623"]
[BlackElo "2479"]
[PlyCount "145"]
[EventDate "2000.??.??"]

1. e4 d5 2. exd5 Qxd5 3. Nc3 Qe5+ 4. Nge2 Nf6 5. d4 Qd6 6. Bf4 Qd8 7. d5 Na6 8.
Qd4 e6 9. dxe6 Bxe6 10. O-O-O Bc5 11. Qe5 Bd6 12. Qb5+ Bd7 13. Qxb7 Nc5 14. Qf3
O-O 15. Bxd6 cxd6 16. Rxd6 Rb8 17. Qe3 Rc8 18. b4 Re8 19. Qd4 Nce4 20. Nxe4
Rxe4 21. Qxa7 Rxb4 22. Rd4 Rb6 23. Qa3 Ra8 24. Qc5 Rxa2 25. Nc3 Ra1+ 26. Kd2
Re6 27. g4 Qe8 28. Bg2 Ree1 29. Rxe1 Qxe1+ 30. Kd3 Qe8 31. h3 Bc8 32. Ne4 Nd7
33. Qc7 Ba6+ 34. Kc3 Nf8 35. Rd8 Qa4 36. Rxf8+ Kxf8 37. Qd6+ Ke8 38. Nf6+ gxf6
39. Bc6+ Qxc6+ 40. Qxc6+ Kf8 41. Qxf6 Bf1 42. Kd2 Ra4 43. Qh8+ Ke7 44. Qxh7
Rd4+ 45. Ke3 Ra4 46. f3 Ra6 47. Kf2 Bb5 48. Qe4+ Kd8 49. Qd5+ Bd7 50. Qxf7 Rc6
51. c4 Be6 52. Qf8+ Kd7 53. c5 Bc4 54. f4 Ra6 55. f5 Kc6 56. f6 Kb5 57. Qb8+
Kxc5 58. Qe5+ Kc6 59. Qe8+ Kc5 60. g5 Kd6 61. g6 Ra2+ 62. Kg3 Ra3+ 63. Kf4 Ra2
64. f7 Rf2+ 65. Ke3 Re2+ 66. Kd4 Kc7 67. Kxc4 Rc2+ 68. Kd3 Rc1 69. f8=Q Rd1+
70. Kc2 Rc1+ 71. Kxc1 Kb7 72. Qb4+ Kc7 73. Qbb8# {Hossa checkmated} 1-0

[Event "ICS rated blitz match"]
[Site "204.178.125.65"]
[Date "2000.05.17"]
[Round "?"]
[White "Hossa"]
[Black "QueenMaxima"]
[Result "0-1"]
[WhiteElo "2469"]
[BlackElo "2457"]
[PlyCount "142"]
[EventDate "2000.??.??"]

1. e4 e5 2. Nf3 Nc6 3. Bb5 a6 4. Ba4 Nf6 5. O-O Be7 6. Re1 b5 7. Bb3 d6 8. c3
O-O 9. d4 Bg4 10. d5 Na5 11. Bc2 c6 12. h3 Bc8 13. dxc6 Qc7 14. Nbd2 Qxc6 15.
Nf1 Nc4 16. Ng3 Re8 17. b3 Nb6 18. Re3 Be6 19. Ba3 Nbd7 20. Ng5 Ng4 21. hxg4
Bxg5 22. Rd3 Nf6 23. Bxd6 Nxg4 24. Nf5 Bxf5 25. exf5 Nh6 26. Qh5 Nxf5 27. Qxg5
Nxd6 28. Rg3 g6 29. Rh3 f5 30. Qh6 Qb7 31. a4 Red8 32. Bd3 Rac8 33. axb5 axb5
34. Bc2 Qg7 35. Qxg7+ Kxg7 36. Rd1 e4 37. Bb1 Nb7 38. Bc2 Ra8 39. Kf1 Rxd1+ 40.
Bxd1 Nc5 41. Bc2 Ra2 42. b4 Ne6 43. Bd1 Nf4 44. Rg3 h5 45. c4 bxc4 46. Rc3 Nd3
47. Rxc4 Rxf2+ 48. Kg1 Rd2 49. Bc2 Nf4 50. g3 Ne2+ 51. Kf1 Nxg3+ 52. Ke1 Rg2
53. Rc3 f4 54. Rc7+ Kh6 55. Bxe4 Re2+ 56. Kd1 Rxe4 57. b5 f3 58. Rc2 Ne2 59.
Kd2 f2 60. Rc4 Rf4 61. Rxf4 Nxf4 62. Kc3 f1=Q 63. b6 Qb5 64. b7 g5 65. b8=Q
Qxb8 66. Kc4 Qc7+ 67. Kb4 Nd3+ 68. Kb5 Qc5+ 69. Ka6 Qc6+ 70. Ka7 Nc5 71. Kb8
Qb7# {Hossa checkmated} 0-1

[Event "ICS rated blitz match"]
[Site "204.178.125.65"]
[Date "2000.05.17"]
[Round "?"]
[White "Hossa"]
[Black "PostModernist"]
[Result "0-1"]
[WhiteElo "2458"]
[BlackElo "2582"]
[PlyCount "174"]
[EventDate "2000.??.??"]

1. d4 Nf6 2. c4 e6 3. Nf3 b6 4. g3 Bb7 5. Bg2 Be7 6. O-O O-O 7. Nc3 Na6 8. a3
c5 9. d5 exd5 10. cxd5 d6 11. e4 Nc7 12. Re1 Re8 13. Bf4 Nh5 14. Bd2 Nf6 15. b3
Qd7 16. Bf4 Nh5 17. Bc1 Nf6 18. Bb2 Rad8 19. Nh4 g6 20. Nf3 Bf8 21. Qc2 Bg7 22.
Rac1 Re7 23. Ba1 Rde8 24. Rcd1 b5 25. Qd3 b4 26. axb4 cxb4 27. Na2 a5 28. Bxf6
Bxf6 29. Rc1 Na6 30. Nd2 Nc5 31. Qb1 Bg5 32. f4 Bh6 33. Nc4 Qd8 34. Rcd1 Ba6
35. Qc2 Bg7 36. Re3 f5 37. e5 Bxc4 38. Qxc4 Qb6 39. Kf1 Ne4 40. Re2 Rc7 41. Qd3
Nc5 42. Qe3 dxe5 43. d6 Ra7 44. Rd5 Nd7 45. Qxb6 Nxb6 46. fxe5 Nxd5 47. Bxd5+
Kf8 48. e6 Bf6 49. Nc1 Rd8 50. e7+ Bxe7 51. dxe7+ Rxe7 52. Rxe7 Kxe7 53. Bf3
Rc8 54. Ne2 a4 55. bxa4 b3 56. Bd5 b2 57. Ba2 Rc1+ 58. Kf2 Ra1 59. Nc3 Rxa2 60.
Ke1 Ra1+ 61. Kd2 Rc1 62. Nb1 Rxb1 63. Kc2 Rh1 64. Kxb2 Rxh2+ 65. Kc3 f4 66.
gxf4 Ke6 67. Kb3 Kf5 68. a5 Kxf4 69. a6 Rh1 70. Kb2 Rh5 71. Kc3 Ra5 72. Kb4 Ra1
73. Kc3 h5 74. Kb2 Rxa6 75. Kc3 Ra4 76. Kd3 h4 77. Kc2 Ke3 78. Kc3 h3 79. Kb3
Rg4 80. Ka2 h2 81. Kb3 h1=Q 82. Kc2 Qe4+ 83. Kb2 Qb4+ 84. Ka2 Qd2+ 85. Ka3 Qc3+
86. Ka2 Qc2+ 87. Ka3 Ra4# {Hossa checkmated} 0-1